К вопросу о рациональном расчете крюка. Теоретическое исследование простейших рациональных форм крюка и данные для его расчета и конструирования: [оттиск статьи]

Podrobná bibliografie
Hlavní autor: Гомелля С. П. Степан Проклович
Korporativní autor: Томский технологический институт (ТТИ)
Shrnutí:Текст в русской дореформенной орфографии
Jazyk:ruština
Vydáno: Томск, Паровая типография Н. И. Орловой, 1913
Témata:
Médium: MixedMaterials Kniha
KOHA link:https://koha.lib.tpu.ru/cgi-bin/koha/opac-detail.pl?biblionumber=291619

MARC

LEADER 00000nam0a2200000 4500
001 291619
005 20231102000416.0
035 |a (RuTPU)RU\TPU\book\316197 
035 |a RU\TPU\tpu\3340 
090 |a 291619 
100 |a 20150415d1913 k y0rusy50 ca 
101 0 |a rus 
102 |a RU 
105 |a a z 000zy 
200 1 |a К вопросу о рациональном расчете крюка. Теоретическое исследование простейших рациональных форм крюка и данные для его расчета и конструирования  |e [оттиск статьи]  |f С. П. Гомелля  |g Томский технологический институт (ТТИ) 
210 |a Томск  |c Паровая типография Н. И. Орловой  |d 1913 
215 |a 40 с.  |c 9 черт. 
300 |a Текст в русской дореформенной орфографии 
316 |5 63413507: ШкА/218  |a Дописаны опечатки в тексте 
316 |5 63413507: ШкА/218  |a На обложке дарственная надпись: "В библиотеку Т. Т. И-та" 
517 1 |a Къ вопросу о рацiональномъ расчетъ крюка. Теоретическое изслъдованiе простъйшихъ рацiональныхъ формъ крюка и данныя для его расчета и конструированiя  |z chu 
606 1 |a Подъемно-транспортное машиностроение  |2 stltpush  |3 (RuTPU)RU\TPU\subj\49808  |9 68572 
610 1 |a техник 
610 1 |a труды учёных ТПУ 
610 1 |a промышленность 
610 1 |a общетехнические дисциплины 
610 1 |a проектирование 
610 1 |a конструирование 
610 1 |a крюки 
610 1 |a коллекция ТПУ 
610 1 |a оттиски 
610 1 |a дарственные надписи 
610 1 |a дары библиотеке 
610 1 |a владельческие знаки 
675 |a 621.86  |v 3 
700 1 |a Гомелля  |b С. П.  |c русский ученый  |c профессор ТТИ по кафедре прикладной механики и машиностроению ( 1902-1924)  |f 1875-?  |g Степан Проклович  |2 stltpush  |3 (RuTPU)RU\TPU\pers\21831  |9 9170 
712 0 2 |a Томский технологический институт (ТТИ)  |c (1896-1923)  |2 stltpush  |3 (RuTPU)RU\TPU\col\9244 
801 0 |a RU  |b 63413507  |c 20011210  |g PSBO 
801 2 |a RU  |b 63413507  |c 20190621  |g PSBO 
942 |c BK